|
|
|
|
| LEADER |
00000ny a22000003n 4500 |
| 005 |
2011062003323.0 |
| 008 |
020108s2001 sp 000 0 spa d |
| 017 |
|
|
|a SE-2963-2001
|
| 020 |
|
|
|a 9788481558104
|
| 035 |
|
|
|a 190
|
| 040 |
|
|
|a CEPC
|d vLex
|
| 090 |
|
|
|c 876
|d 876
|
| 245 |
0 |
0 |
|a La organizacin̤ mundial del comercio y el regionalismo europeo
|h [Recurso electrn̤ico]
|c Antonio Remiro Brotn̤s, Carlos Esps̤ito ; coordinadora Irene Blz̀quez Navarro
|
| 256 |
|
|
|a Servicio en ln̕ea
|
| 260 |
|
|
|a Madrid :
|b Dykinson,
|c 2001
|
| 300 |
|
|
|a 391 p. ;
|c 21 cm
|
| 506 |
1 |
|
|a Contenido solo disponible en los productos indicados
|d vLex Global
|d vLex Global (Academic Edition, excluding Law Schools)
|d vLex Global (U.S. Academic Edition, Law Schools)
|d vLex Global (U.S. Academic Edition, excluding Law Schools)
|d vLex Global (Academic Edition, Law Schools)
|
| 650 |
0 |
4 |
|a Comercio internacional
|
| 650 |
0 |
4 |
|a Derecho
|z Pas̕es de la Unin̤ Europea
|
| 650 |
0 |
4 |
|a Organizacin̤ Mundial de Comercio
|
| 650 |
0 |
4 |
|a Comunitario
|
| 651 |
|
4 |
|a Unin̤ Europea
|x Polt̕ica comercial
|
| 700 |
1 |
|
|a Blz̀quez Navarro, Irene
|e coord.
|
| 700 |
1 |
|
|a Esps̤ito Massicci, Carlos,
|e ed. lit.
|
| 700 |
1 |
|
|a Remiro Brotn̤s, Antonio,
|e ed. lit.
|
| 740 |
0 |
|
|a vLex Libros (Servicios en ln̕ea)
|
| 856 |
4 |
0 |
|u http://vlex.com/source/190
|z Acceso restringido
|
| 942 |
|
|
|c BOOK
|
| 999 |
2 |
4 |
|a International Commerce
|b Madrid
|
| 999 |
2 |
4 |
|a Derecho de la Competencia
|
| 999 |
2 |
4 |
|a Unin̤ Europea
|
| 999 |
2 |
4 |
|a OMC
|